| 000 | 00630nam a2200205Ia 4500 | ||
|---|---|---|---|
| 008 | 240729s9999 xx 000 0 und d | ||
| 022 | _a2162-402X | ||
| 245 | 0 | _aOncoImmunology | |
| 260 | _aUnited Kingdom | ||
| 260 | _bTaylor & Francis Group | ||
| 650 | _a Immunologic diseases. Allergy | Medicine | ||
| 650 | _a Internal medicine | ||
| 650 | _a Internal medicine | ||
| 650 | _a Neoplasms. Tumors. Oncology. Including cancer and carcinogens | ||
| 650 | _a Specialties of internal medicine | ||
| 650 | _aMedicine | ||
| 856 | _uhttps://doaj.org/toc/c3a337e560ce40fb89c17a4015745181 | ||
| 942 | _2ddc | ||
| 942 | _cDOAJEJ | ||
| 999 |
_c73163 _d73163 |
||
| 945 |
_a1 _bMadushi Gamage _c1 _dMadushi Gamage |
||